Classic Readings in the Philosophy of Law (Record no. 1866)

000 -LEADER
fixed length control field 00729nam a22002297a 4500
003 - CONTROL NUMBER IDENTIFIER
control field OSt
005 - DATE AND TIME OF LATEST TRANSACTION
control field 20210701075301.0
008 - FIXED-LENGTH DATA ELEMENTS--GENERAL INFORMATION
fixed length control field 210701b ||||| |||| 00| 0 eng d
020 ## - INTERNATIONAL STANDARD BOOK NUMBER
International Standard Book Number 9781256809074
020 ## - INTERNATIONAL STANDARD BOOK NUMBER
International Standard Book Number 1256809071
040 ## - CATALOGING SOURCE
Transcribing agency Alupe University
050 ## - LIBRARY OF CONGRESS CALL NUMBER
Classification number K235
Item number .D56 2006
100 ## - MAIN ENTRY--PERSONAL NAME
Personal name Susan Dimock
245 ## - TITLE STATEMENT
Title Classic Readings in the Philosophy of Law
Remainder of title a Custom edition for Humber Institute of Technology and Advanced Learning
250 ## - EDITION STATEMENT
Edition statement Custom Edition
260 ## - PUBLICATION, DISTRIBUTION, ETC.
Place of publication, distribution, etc. Toronto, Ontario
Name of publisher, distributor, etc. Pearson Canada Inc.
Date of publication, distribution, etc. 2006
300 ## - PHYSICAL DESCRIPTION
Extent xv 357p
440 ## - SERIES STATEMENT/ADDED ENTRY--TITLE
Title Classic Readings and Cases in the Philosophy of Law
504 ## - BIBLIOGRAPHY, ETC. NOTE
Bibliography, etc. note Includes Bibliographic details
650 ## - SUBJECT ADDED ENTRY--TOPICAL TERM
Topical term or geographic name entry element Law -- Philosophy.
942 ## - ADDED ENTRY ELEMENTS (KOHA)
Source of classification or shelving scheme
Koha item type Book
Suppress in OPAC MW
Holdings
Withdrawn status Lost status Source of classification or shelving scheme Damaged status Not for loan Permanent Location Current Location Shelving location Date acquired Total Checkouts Full call number Barcode Date last seen Price effective from Koha item type Public note
          AU LIBRARY AU LIBRARY Open Shelf 01.07.2021   K235 .D56 2006 28000889 01.07.2021 01.07.2021 Book MW

Powered by Koha